| 000 | 00727nam a2200133Ia 4500 | ||
|---|---|---|---|
| 008 | 171212s9999 xx 000 0 und d | ||
| 020 | _a9780833047519 | ||
| 100 | _aRosenau, William;Chalk, Peter;McPherson, Renny;Parker, Michelle;Long, Austin | ||
| 245 |
_cRosenau, William;Chalk, Peter;McPherson, Renny;Parker, Michelle;Long, Austin _aCorporations and Counterinsurgency |
||
| 260 |
_bRAND Corporation _c2009 |
||
| 650 | _aInternational business enterprises -- Political aspects; Corporations, Foreign -- Political aspects; Non-governmental organizations -- Political aspects; Private military companies; Counterinsurgency; International relations | ||
| 650 | _aPolitical Science | ||
| 856 | _uwww.jstor.org/stable/10.7249/op259 | ||
| 999 |
_c351896 _d351896 |
||